000 02007nam a2200361 a 4500
001 4681051
003 S3H
005 20180117085947.0
008 820730s1982 ilua b 001 0 eng
010 _a 81070952
020 _a0256024537
040 _aDLC
_cDLC
_dDLC
043 _an-us---
050 0 0 _aJK274
_b.S75 1982
082 0 0 _a320.973 STA
_219
100 1 _aStarling, Grover.
245 1 0 _aUnderstanding American politics /
_cGrover Starling.
260 _aHomewood, Ill. :
_bDorsey Press,
_c1982.
300 _axii, 538, [66] p. :
_bill. (some col.) ;
_c24 cm.
440 4 _aThe Dorsey series in political science
504 _aIncludes bibliographical references and index.
651 0 _aUnited States
_xPolitics and government.
906 _a7
_bcbc
_corignew
_d2
_eopcn
_f19
_gy-gencatlg
942 _2ddc
_cBK
999 _c2697
_d2697